000 00423nam a2200181Ia 4500
001 4334
005 20260306145748.0
008 260306t1953||||xx |||||||||||||| ||spa||
041 _aESP
082 _a320.98
_bA68
100 _aArciniegas, Germán
_eAUT
245 0 _aEntre la libertad y el miedo
260 _c1953
300 _a424 páginas :
_c19 cm.
650 _aGEN
654 _aCDE
942 _cLIB
_dJUS
_fJUS
_2ddc
_n
999 _c4334
_d4334